[Event "Subotica-ch"]
[Site "Subotica"]
[Date "2013.05.20"]
[Round "4"]
[White "Scepanovic, Labud"]
[Black "Nadj Hedjesi, Balind"]
[Result "0-1"]
[WhiteElo "2186"]
[BlackElo "2388"]
[PlyCount "72"]
[EventDate "2013.05.13"]
[EventType "swiss"]
[EventRounds "9"]
[EventCountry "SRB"]
[SourceTitle "CBM 154 Extra"]
[Source "ChessBase"]
[SourceDate "2013.06.25"]
[SourceVersion "2"]
[SourceVersionDate "2013.06.25"]
[SourceQuality "1"]

1. g3 e5 2. Bg2 d5 3. d4 exd4 4. Qxd4 Nf6 5. Bg5 Be7 6. Nc3 c5 7. Qd3 d4 8. Bxf6 Bxf6 9. Nd5 0-0 10. Nxf6+ Qxf6 11. Nf3 Nc6 12. 0-0 Bf5 13. Qd2 Rfe8 14. Nh4 Be4 15. Rfe1 Rad8 16. Rad1 Bxg2 17. Nxg2 Ne5 18. Nf4 Ng4 19. Rf1 Qh6 20. h3 Nf6 21. h4 Ne4 22. Qc1 Qa6 23. a3 h6 24. Kg2 Qc6 25. Kh2 Qf6 26. Kg2 Qb6 27. e3 dxe3 28. fxe3 Rxd1 29. Rxd1 Qc6 30. Kh2 Nf2 31. Rf1 Ng4+ 32. Kh3 Qd7 33. Re1 g5 34. Ng2 Nf2+ 35. Kh2 Qh3+ 36. Kg1 Ng4 0-1

[Event "Subotica-ch"]
[Site "Subotica"]
[Date "2013.05.17"]
[Round "3"]
[White "Jancikin, Svetozar"]
[Black "Scepanovic, Labud"]
[Result "0-1"]
[WhiteElo "2059"]
[BlackElo "2186"]
[PlyCount "146"]
[EventDate "2013.05.13"]
[EventType "swiss"]
[EventRounds "9"]
[EventCountry "SRB"]
[SourceTitle "CBM 154 Extra"]
[Source "ChessBase"]
[SourceDate "2013.06.25"]
[SourceVersion "2"]
[SourceVersionDate "2013.06.25"]
[SourceQuality "1"]

1. e4 g6 2. d4 Bg7 3. Be3 c5 4. c3 cxd4 5. cxd4 Nc6 6. Nc3 d6 7. Bc4 Nf6 8. f3 0-0 9. Nge2 a6 10. a3 b5 11. Ba2 b4 12. Nd5 Rb8 13. Rc1 Nxd5 14. Bxd5 Na5 15. Qd2 e6 16. axb4 exd5 17. bxa5 dxe4 18. fxe4 Re8 19. Ng3 Rb3 20. 0-0 Bb7 21. Bg5 Qd7 22. Bf6 Bxe4 23. Bxg7 Kxg7 24. Qg5 f5 25. Rf4 Kh8 26. Qf6+ Kg8 27. Rcf1 d5 28. Qxa6 Rxb2 29. Nxe4 dxe4 30. Qc4+ Qf7 31. Qc6 Re6 32. Qc4 Re8 33. d5 Rd2 34. g4 Qxd5 35. Qxd5+ Rxd5 36. gxf5 Rxa5 37. fxg6 hxg6 38. Rb1 e3 39. Re1 e2 40. Kf2 Kg7 41. Rf3 Rae5 42. h3 g5 43. Kg2 Kg6 44. Rf2 R5e6 45. Kf3 Re3+ 46. Kg2 Kh5 47. Rf7 Kg6 48. Rf3 Rxf3 49. Kxf3 Kh5 50. Kg3 Re7 51. Kf3 Kh4 52. Kg2 Re6 53. Kh2 Re3 54. Kg2 Rg3+ 55. Kf2 Kxh3 56. Rh1+ Kg4 57. Kxe2 Rg2+ 58. Kf1 Ra2 59. Rh8 Kg3 60. Rf8 Ra1+ 61. Ke2 g4 62. Rg8 Kh3 63. Rg7 g3 64. Rh7+ Kg2 65. Rf7 Ra5 66. Re7 Rf5 67. Re8 Rh5 68. Ke1 Kh2 69. Rg8 g2 70. Kf2 Rf5+ 71. Ke2 g1Q 72. Rh8+ Kg2 73. Rg8+ Kh1 0-1

[Event "Senta op-A 16th"]
[Site "Senta"]
[Date "2012.07.15"]
[Round "2"]
[White "Scepanovic, Labud"]
[Black "Sakic, Simeon"]
[Result "1-0"]
[WhiteElo "2205"]
[BlackElo "1961"]
[PlyCount "63"]
[EventDate "2012.07.14"]
[EventType "swiss"]
[EventRounds "9"]
[EventCountry "SRB"]
[SourceTitle "CBM 149 Extra"]
[Source "ChessBase"]
[SourceDate "2012.08.24"]
[SourceVersion "1"]
[SourceVersionDate "2012.08.24"]
[SourceQuality "1"]

1. e4 e5 2. Nf3 Nc6 3. Bc4 Bc5 4. d3 d6 5. h3 Nf6 6. 0-0 Qe7 7. c3 0-0 8. Re1 Be6 9. Bb5 a6 10. Ba4 b5 11. Bc2 h6 12. d4 exd4 13. cxd4 Bb4 14. d5 Bxe1 15. Nxe1 Nxd5 16. exd5 Bxd5 17. Nc3 Be6 18. Be3 Ne5 19. Nd3 Bf5 20. Nd5 Qd8 21. Nxe5 Bxc2 22. Qxc2 dxe5 23. Rd1 Kh8 24. Nb6 Qe7 25. Nxa8 Rxa8 26. Qc6 Rd8 27. Rc1 Rd6 28. Qxc7 Rd1+ 29. Kh2 Qd6 30. Qc8+ Kh7 31. Qf5+ Kg8 32. Rc8+ 1-0